La Venda del tern de Sant Valeri i la Mancomunitat
Descripción Física:
24 p. ; 22 cm
MARC
| LEADER | 00000nam a2200000Ia 4500 | ||
|---|---|---|---|
| 001 | 19744 | ||
| 008 | 160829s1922 xx 000 0 cat d | ||
| 080 | |a Q-306, exp. 41 (7) | ||
| 245 | |a La Venda del tern de Sant Valeri i la Mancomunitat | ||
| 260 | |a Barcelona : |b Imprenta de la Casa de Caritat, |c 1922 | ||
| 300 | |a 24 p. ; |c 22 cm | ||
| 590 | |a És una prova d'impremta de 'La Venda dels terns de Sant Valeri i Sant Vicens i la Mancomunitat' amb R. 721 | ||
| 650 | |a Vestidures eclesiàstiques |x Lleida |x Història |x Fonts |9 25744 | ||
| 650 | 0 | |a Patrimoni cultural |x Protecció |x Catalunya |9 25745 | |
| 901 | |a Arxiu | ||
| 942 | |n 1 | ||
| 952 | |0 0 |1 0 |4 0 |6 Q306_EXP_41_7 |7 1 |9 51539 |a Arxiu |b Arxiu |d 2016-12-01 |l 0 |o Q-306, exp. 41 (7) |p 19744 |r 2016-12-01 00:00:00 |w 2016-12-01 |y ARXIU | ||
| 999 | |c 55384 |d 55384 | ||